UK Town and City Trivia - Plymouth - Statistics

General Stats
  • This quiz has been taken 41 times
  • The average score is 9 of 15
Answer Stats
Hint Answer % Correct
Ceremonial county in which Plymouth is located Devon
100%
Ship that left Plymouth in 1620, carrying the Pilgrim Fathers to North America Mayflower
85%
Large open public space on Plymouth seafront, home to Smeaton's Tower Plymouth {Hoe}
79%
River that divides Plymouth from Cornwall River Tamar
79%
In 1588 Sir Francis Drake played bowls in Plymouth as this invading fleet approached Spanish {Armada}
79%
National Park that lies close to Plymouth's north-east city limits Dartmoor
76%
Road number of the Devon Expressway that passes through Plymouth A38
65%
Plymouth's principal, centrally located, shopping mall Drake {Circus}
65%
Deep inlet and natural harbour in the English Channel near Plymouth Plymouth {Sound}
62%
Local destination connected via a regular short ferry crossing from Devonport Torpoint
41%
Leader of the Labour Party from 1980 to 1983, born in Plymouth in 1913 Michael Foot
35%
First woman Member of Parliament, who won the seat of Sutton in Plymouth in 1919 Nancy Astor
32%
Plymouth born Naval officer, whose ship, HMS Bounty, suffered a mutiny in 1789 William Bligh
29%
Railway bridge over the above river, designed by Isambard Kingdom Brunel Royal {Albert} Bridge
26%
Offshore hazard, with lighthouse, that falls within Plymouth's city limits {Eddystone} Rocks
15%
No matching quizzes found
Score Distribution
Percent of People with Each Score
Percentile by Number Answered
Your Score History
You have not taken this quiz